=LDR 00000nam 2200000 4500 =001 INLIS000000000035271 =005 20140324101502.0 =006 =007 =008 ind =035 ##$$a 0010-061300000035271 =041 ##$$a ind =082 ##$$a 347.01 =090 ##$$a 347.01, Gay k =100 ##$$a Gayo, Ahkyar Ari =245 ##$$a Kesiapan pengadilan agama menerima, mereka dan menyelesaikan perkara ekonomi syariat, Ahkyar ari gayo;editor,mugiyati =260 ##$$a departemen hukum dan hak asasi manusia Ri $b Jakarta =300 ##$$a Xi,145 hlm, 21 Cm =650 ##$$a Pengendilan Agama =700 ##$$a Mugiyati =850 ##$$a NBPNMAT